00313nam a2200121Ia 4500008004100000082001800041100001900059245004500078250000800123260003700131300000800168650001500176191201s1993 xx 000 0 und d a677(540)bMII aMISHRA, Sanjiv 0aIndian Textile Sector: A Policy Analysis a1st aN.DelhibSaga Publicationsc1993 a278 aB.Tech(TE)